000 00984nam a2200313Ia 4500
005 20220317000315.0
008 141031s9999 ck 000 0 spa d
020 _a9789706272010
100 1 _aHesse, Hermann,
_d1877-1962
245 1 0 _aSiddhartha
_cHermann Hesse ; traducción Ricardo Bumantel
250 _a1a edición
300 _a147 páginas
_b19 cm.
490 _aNuevo Talento
500 _aIncluye datos biográficos del autor
586 _aPremio nobel de literatura, 1946
650 1 4 _2LEMB
_aAutores alemanes
_ySiglo XX
650 1 4 _2LEMB
_aNovela alemana
_ySiglo XX
650 1 4 _2LEMB
_aEspirtualidad
_vNovela
650 1 4 _2LEMB
_aBudismo
_vNovela
650 1 4 _2LEMB
_aMeditación
_vNovela
700 _aBumantel, Ricardo
_911549
942 _2loc
_cBKLIT
264 _aMéxico
_bÉpoca
_c2010
336 _atexto
_btxt
_2rdacontent
337 _asin mediación
_bn
_2rdamedia
338 _avolumen
_bnc
_2rdacarrier
040 _aCO-BoRNBP
_bspa
_erda
_cCO-BoRNBP
084 _aN HES1
999 _c3684
_d3684